ბათუმის შოთა რუსთაველის სახელმწიფო უნივერსიტეტის ბიბლიოთეკა

ზოგადი ნიადაგმცოდნეობის საფუძვლები. (ბიბ.ჩანაწერი № 35339)

000 -LEADER
fixed length control field 00796nam a2200217Ia 4500
001 - CONTROL NUMBER
control field 1191
003 - CONTROL NUMBER IDENTIFIER
control field GE_BSU
008 - FIXED-LENGTH DATA ELEMENTS--GENERAL INFORMATION
fixed length control field 181216s||||||||xx |||||||||||||| ||und||
040 ## - CATALOGING SOURCE
Transcribing agency GE_BSU
080 ## - UNIVERSAL DECIMAL CLASSIFICATION NUMBER
Universal Decimal Classification number 631.4(075.8)
100 ## - MAIN ENTRY--PERSONAL NAME
Personal name ტალახაძე გ.
245 ## - TITLE STATEMENT
Title ზოგადი ნიადაგმცოდნეობის საფუძვლები.
245 ## - TITLE STATEMENT
Remainder of title სახელმძღვანელო სასოფლო სამეურნეო ინსტიტუტის სტუდენტებისათვის.
260 ## - PUBLICATION, DISTRIBUTION, ETC.
Place of publication, distribution, etc. თბილისი.
260 ## - PUBLICATION, DISTRIBUTION, ETC.
Name of publisher, distributor, etc. განათლება.
260 ## - PUBLICATION, DISTRIBUTION, ETC.
Date of publication, distribution, etc. 1971.
300 ## - PHYSICAL DESCRIPTION
Extent 306გვ.21სმ.
653 ## - INDEX TERM--UNCONTROLLED
Uncontrolled term ნიადაგმცოდნეობა.
942 ## - ADDED ENTRY ELEMENTS (KOHA)
Koha item type წიგნი
ეგზემპლარები
Withdrawn status Lost status Damaged status Not for loan Date acquired Barcode Date last seen Price effective from Koha item type
        2018-12-17 2805 2018-12-17 2018-12-17 წიგნი